000 00391nam a2200145Ia 4500
008 230917s9999||||xx |||||||||||||| ||und||
040 _e84693
_aMAIN
041 _aEnglish
082 _a616.8914 C731T
100 _aCombs, Arthur W
245 2 _aA theory of trerapy: guidelines for counseling practice
260 _aNewbury Park
_bSage Publications
_c1989
300 _a180 p.
942 _cBK
999 _c64786
_d64786